000 01731nam a2200325 i 4500
003 DO-SdBNP
005 20250415134606.0
007 ta
008 250415b2024 sp a|||| |||| 00| 0 spa d
020 _a9789945946239
040 _aDO-SdBNP
_bspa
_cBNPHU
_erda
041 _aspa
082 4 _axxx
_bAL445h
_222
100 1 _aAlmánzar, Julio,
_d1970-
_eautor
_4aut.
_987459
245 1 0 _aHumillación y exaltación de Cristo /
_cJulio Almánzar ; coordinadora general, Altagracia Fanith ; edición y corrección de estilo, Marivell Contreras ; diseño y diagramación : Víctor Vidal Pérez
250 _aPrimera edición
264 4 _aSanto Domingo :
_bEditorial e_Mavi,
_c©2024.
300 _a82 páginas :
_bilustraciones ;
_c23 cm.
336 _atexto
_btxt
_2rdacontent
337 _asin mediación
_bn
_2rdamedia
338 _avolumen
_bnc
_2rdacarrier
500 _aIncluye datos biográficos del autor en la contracubierta
505 _aIntroducción, 7.-- De la humillación a la exaltación, 7.-- En forma de Dios, 13.-- No estimó el ser igual a Dios como cosa a qué aferrarse, 25.-- Se despojó a sí mismo, 31.-- Hecho semejante a los hombres, 37.-- Juan Bautista anuncia el ministerio de Jesús, 53.-- Jesús se presenta sin atractivos, 59.-- Tentación de Jesús, 63.-- En condición de siervo, 69.-- Reseña bíblica, leyes sobre los esclavos, 70.-- Jesús limpia a un leproso, 71.-- Nombre que es sobre todo nombre, 77.-- Toda rodilla se doblará ante Jesús, 79.
590 _aInventariado, 2025 /LP
700 1 _aFanith, Altagracia,
_ecoordinador
_4cord.
_987460
700 1 _aContreras, Marivell,
_eeditor
_4ed.
_912302
700 1 _aVidal Pérez, Víctor
_974640
910 _aLP
942 _2ddc
_cLBS1
999 _c58727
_d58727